000 00681nam a2200289Ia 4500
005 20260324135348.0
008 008 260324s9999 xx 000 0 eng d
020 _a9780203007624
037 _aEBOOK
040 _aCRL
040 _beng
040 _cCRL
041 _2eng
041 _aeng
084 _qCRL
100 _aNick Couldry
_91186422
245 4 _aThe Place of Media Power
245 0 _bPilgrims and Witnesses of the Media Age
260 _bTaylor and Francis
260 _c2000
365 _a
365 _b230
856 _uhttp://www.taylorfrancis.com/books/9780203007624
942 _cEBOOK
999 _c1801306
_d1801306